Animals Mentioned in the Bible - Statistics

General Stats
  • This quiz has been taken 32 times
    19 since last reset
  • The average score is 36 of 69
Answer Stats
Answer % Correct
Cow
100%
Dog
100%
Horse
100%
Lion
100%
Pig
100%
Sheep
100%
Snake
100%
Ape
92%
Donkey
92%
Dove
92%
Fish
92%
Goat
92%
Camel
83%
Eagle
83%
Frog
83%
Whale
83%
Ant
75%
Bear
75%
Wolf
75%
Fly
67%
Grasshopper
67%
Rat
67%
Raven
67%
Bee
58%
Fox
58%
Hare
58%
Hawk
58%
Leopard
58%
Lizard
58%
Mule
58%
Rooster
58%
Sparrow
58%
Bat
50%
Deer
50%
Falcon
50%
Flea
50%
Ox
50%
Peacock
50%
Seagull
50%
Worm
50%
Antelope
42%
Ostrich
42%
Owl
42%
Spider
42%
Stork
42%
Crane
33%
Cricket
33%
Gazelle
33%
Gnat
33%
Leech
33%
Quail
33%
Cobra
25%
Hyena
25%
Moth
25%
Snail
25%
Swallow
25%
Viper
25%
Chameleon
17%
Cormorant
17%
Mole Rat
17%
Partridge
17%
Scorpion
17%
Vulture
17%
Gecko
8%
Heron
8%
Hoopoe
8%
Hyrax
8%
Maggot
8%
Addax
0%
No matching quizzes found
Score Distribution
Percent of People with Each Score
Percentile by Number Answered
Your Score History
You have not taken this quiz since the last reset